000 00442nam a2200157Ia 4500
005 20250421083718.0
008 231217s9999 xx 000 0 und d
020 _a9788131415047
082 _a305.23082 MUK;1 R
100 _aMukherjee, Debashree ed.
245 0 _aGirl child : issues, perspectives and initiatives
260 _c2008
_bIcfai
_aHyderabad
300 _axii, 218
650 _aGirl,child,issues,,initiatives
942 _cAA
999 _c189338
_d189338